Devinez ces drapeaux horriblement dessinés #1 - Statistiques

Statistiques générales
  • Ce quiz a été pris 49 fois
  • Le résultat moyen est 20 sur 28
Statistiques - réponses
Par images Réponse % Correct
Italie
100%
Canada
92%
Espagne
90%
Singapour
88%
Egypte
81%
États-Unis
81%
Grèce
81%
Moldavie
81%
Qatar
81%
Royaume-Uni
81%
Venezuela
81%
Corée du Nord
79%
Haïti
79%
Slovénie
79%
Cambodge
75%
Ghana
75%
Lettonie
75%
Jordanie
71%
Lituanie
69%
Grenade
63%
Guyana
60%
Salvador
60%
Kirghizistan
58%
Tadjikistan
58%
Tuvalu
54%
Kiribati
52%
Îles Salomon
40%
Vanuatu
38%
Aucun quiz correspondant
Distribution des résultats
% des personnes avec chaque résultat
Percentile par nombre de réponses
Votre historique - résultats
Vous n’avez pas pris ce quiz